[Event "St Chely d'Aubrac op 11th"]
[Site "St Chely d'Aubrac"]
[Date "2011.07.11"]
[Round "4"]
[White "Meyer, Bernard"]
[Black "Manser, Lucas"]
[Result "0-1"]
[WhiteElo "1464"]
[BlackElo "1640"]
[PlyCount "82"]
[EventDate "2011.07.09"]
[EventType "swiss"]
[EventRounds "7"]
[EventCountry "FRA"]
[SourceTitle "CBM 143 Extra"]
[Source "ChessBase"]
[SourceDate "2011.08.29"]
[SourceVersion "1"]
[SourceVersionDate "2011.08.29"]
[SourceQuality "1"]

1. e4 c6 2. d4 d5 3. Nc3 dxe4 4. Nxe4 Nd7 5. Nf3 Ngf6 6. Nc3 e6 7. a3 Be7 8. Be2 0-0 9. 0-0 c5 10. Be3 b6 11. dxc5 Nxc5 12. Nd4 Bb7 13. Bf3 Nd5 14. Nxd5 Bxd5 15. Bxd5 Qxd5 16. c3 Rfd8 17. Qc2 Qb7 18. Rad1 Rd7 19. h3 Rad8 20. b4 Ne4 21. Rde1 Rc8 22. Ne2 Bf6 23. Rd1 Rcd8 24. Rxd7 Rxd7 25. c4 Be7 26. f3 Nf6 27. c5 Rc7 28. Rd1 Nd5 29. Bf2 Qc8 30. Rc1 Bg5 31. Rd1 Be3 32. Qd3 Bxf2+ 33. Kxf2 h6 34. Rc1 bxc5 35. bxc5 Rxc5 36. Rxc5 Qxc5+ 37. Kg3 Qc7+ 38. Kf2 Qb6+ 39. Kg3 Qb2 40. f4 a5 41. f5 Qe5+ 0-1

[Event "St Chely d'Aubrac op 10th"]
[Site "St Chely d'Aubrac"]
[Date "2010.07.17"]
[Round "9"]
[White "Grange, Gary"]
[Black "Meyer, Bernard"]
[Result "0-1"]
[WhiteElo "1190"]
[BlackElo "1490"]
[PlyCount "66"]
[EventDate "2010.07.10"]
[EventType "swiss"]
[EventRounds "9"]
[EventCountry "FRA"]
[SourceTitle "CBM 137 Extra"]
[Source "ChessBase"]
[SourceDate "2010.09.01"]
[SourceVersion "1"]
[SourceVersionDate "2010.09.01"]
[SourceQuality "1"]

1. d4 d5 2. c4 c6 3. Nc3 Nf6 4. Nf3 Bg4 5. Bf4 Nbd7 6. e3 e6 7. Bd3 Be7 8. 0-0 0-0 9. Be2 Re8 10. Ne5 Bxe2 11. Qxe2 c5 12. Rfd1 cxd4 13. exd4 Bb4 14. Bg5 Qc8 15. cxd5 exd5 16. Qe3 Bxc3 17. bxc3 Ne4 18. Nxd7 Qxd7 19. f3 Nxg5 20. Qxg5 Qe6 21. Kf2 Qe2+ 22. Kg1 Re6 23. Qxd5 Rg6 24. f4 Re8 25. Rf1 h6 26. Qxb7 Re4 27. Rf2 Qe3 28. Qc7 Rf6 29. g3 g5 30. Raf1 gxf4 31. gxf4 Rg6+ 32. Kh1 Re7 33. Qc4 Qe4+ 0-1

[Event "St Chely d'Aubrac op 10th"]
[Site "St Chely d'Aubrac"]
[Date "2010.07.12"]
[Round "4"]
[White "Meyer, Bernard"]
[Black "Hug, Timothee"]
[Result "0-1"]
[WhiteElo "1490"]
[BlackElo "1691"]
[PlyCount "72"]
[EventDate "2010.07.10"]
[EventType "swiss"]
[EventRounds "9"]
[EventCountry "FRA"]
[SourceTitle "CBM 137 Extra"]
[Source "ChessBase"]
[SourceDate "2010.09.01"]
[SourceVersion "1"]
[SourceVersionDate "2010.09.01"]
[SourceQuality "1"]

1. e4 c5 2. Nf3 Nc6 3. d4 cxd4 4. Nxd4 g6 5. Nc3 Bg7 6. Nf3 Nf6 7. Bb5 0-0 8. 0-0 d6 9. Re1 Bg4 10. Be2 a6 11. a3 e6 12. h3 Bxf3 13. Bxf3 Re8 14. Re3 Ne5 15. Rb1 Qd7 16. b3 Rac8 17. Bb2 d5 18. exd5 Nxf3+ 19. Rxf3 Nxd5 20. Ne2 Qc7 21. c4 Ne7 22. Bxg7 Kxg7 23. Qd4+ e5 24. Qb2 Nf5 25. Rd1 f6 26. Rfd3 Rcd8 27. Qd2 Rxd3 28. Qxd3 Re7 29. Nc3 Qa5 30. a4 Nd4 31. Nd5 Rd7 32. h4 b5 33. axb5 axb5 34. b4 bxc4 35. Qxc4 Qxd5 36. Qd3 Ne2+ 0-1

[Event "St Chely d'Aubrac op 9th"]
[Site "St Chely d'Aubrac"]
[Date "2009.07.14"]
[Round "5"]
[White "Muheim, Xavier"]
[Black "Meyer, Bernard"]
[Result "1/2-1/2"]
[WhiteElo "1380"]
[BlackElo "1400"]
[PlyCount "65"]
[EventDate "2009.07.11"]
[EventType "swiss"]
[EventRounds "9"]
[EventCountry "FRA"]
[SourceTitle "EXT 2010"]
[Source "ChessBase"]
[SourceDate "2010.11.25"]
[SourceVersion "1"]
[SourceVersionDate "2010.11.25"]
[SourceQuality "1"]

1. e4 e5 2. Nf3 Nc6 3. Bb5 a6 4. Ba4 Nf6 5. 0-0 b5 6. Bb3 Be7 7. d4 exd4 8. e5 Ne4 9. Qd3 Nc5 10. Qf5 Nxb3 11. axb3 d6 12. Qe4 d5 13. Qd3 0-0 14. c3 dxc3 15. Nxc3 d4 16. Ne4 Bg4 17. Neg5 Bxg5 18. Nxg5 g6 19. Qe4 Bd7 20. Qh4 h5 21. f3 Nxe5 22. Bf4 f6 23. Bxe5 fxe5 24. g4 Rf4 25. h3 Qf6 26. Kg2 Rf8 27. Rf2 Bc6 28. Kg3 e4 29. Raf1 exf3 30. b4 Rxg4+ 31. hxg4 Qf4+ 32. Kh3 Bd7 33. Rg1 1/2-1/2

[Event "St Chely d'Aubrac op 9th"]
[Site "St Chely d'Aubrac"]
[Date "2009.07.11"]
[Round "1"]
[White "Biaux, Alain"]
[Black "Meyer, Bernard"]
[Result "1-0"]
[WhiteElo "1918"]
[BlackElo "1400"]
[PlyCount "29"]
[EventDate "2009.07.11"]
[EventType "swiss"]
[EventRounds "9"]
[EventCountry "FRA"]
[SourceTitle "EXT 2010"]
[Source "ChessBase"]
[SourceDate "2010.11.25"]
[SourceVersion "1"]
[SourceVersionDate "2010.11.25"]
[SourceQuality "1"]

1. e4 e5 2. Nf3 Nc6 3. Bb5 a6 4. Ba4 b5 5. Bb3 Nf6 6. 0-0 d6 7. Ng5 d5 8. exd5 Nxd5 9. Nc3 Be6 10. Nxe6 fxe6 11. Nxd5 exd5 12. Qf3 e4 13. Qh5+ g6 14. Qxd5 Qd7 15. Qxe4+ 1-0

[Event "St Chely d'Aubrac op 8th"]
[Site "St Chely d'Aubrac"]
[Date "2008.07.19"]
[Round "9"]
[White "Meyer, Bernard"]
[Black "Schneider, Alec"]
[Result "0-1"]
[WhiteElo "1370"]
[BlackElo "1199"]
[PlyCount "52"]
[EventDate "2008.07.13"]
[EventType "swiss"]
[EventRounds "9"]
[EventCountry "FRA"]
[SourceTitle "CBM 125 Extra"]
[Source "ChessBase"]
[SourceDate "2008.09.01"]
[SourceVersion "1"]
[SourceVersionDate "2008.09.01"]
[SourceQuality "1"]

1. e4 c5 2. Nf3 Nc6 3. d4 cxd4 4. Nxd4 d6 5. Bb5 Bd7 6. Nc3 Nf6 7. 0-0 g6 8. Bg5 Bg7 9. Nf3 0-0 10. Re1 Rc8 11. Qd2 a6 12. Bd3 Qc7 13. Bh6 Rfe8 14. Bxg7 Kxg7 15. Rad1 Bg4 16. Qe3 Ne5 17. Be2 Nxf3+ 18. Bxf3 Bxf3 19. Qxf3 Qb6 20. Na4 Qb5 21. b3 Rxc2 22. Ra1 Qc6 23. h3 b5 24. e5 Qxf3 25. exf6+ Qxf6 26. Rf1 bxa4 0-1

[Event "St Chely d'Aubrac op 8th"]
[Site "St Chely d'Aubrac"]
[Date "2008.07.17"]
[Round "7"]
[White "Meyer, Bernard"]
[Black "Causse, Michel"]
[Result "1-0"]
[WhiteElo "1370"]
[BlackElo "1380"]
[PlyCount "47"]
[EventDate "2008.07.13"]
[EventType "swiss"]
[EventRounds "9"]
[EventCountry "FRA"]
[SourceTitle "CBM 125 Extra"]
[Source "ChessBase"]
[SourceDate "2008.09.01"]
[SourceVersion "1"]
[SourceVersionDate "2008.09.01"]
[SourceQuality "1"]

1. d4 d5 2. c4 e6 3. Nc3 Nf6 4. Nf3 Nbd7 5. Bg5 c5 6. e3 h6 7. Bxf6 Nxf6 8. Bd3 Be7 9. 0-0 a6 10. Ne5 dxc4 11. Bxc4 b5 12. Be2 Bb7 13. Bf3 Bxf3 14. Qxf3 0-0 15. Rfd1 Nd5 16. dxc5 Qc7 17. Nxd5 exd5 18. Rxd5 Rad8 19. Rxd8 Rxd8 20. Qxf7+ Kh8 21. Ng6+ Kh7 22. Qxe7 Rd7 23. Qe4 Qd8 24. Nf8+ 1-0

[Event "St Chely d'Aubrac op 8th"]
[Site "St Chely d'Aubrac"]
[Date "2008.07.15"]
[Round "4"]
[White "Griggio, Jean Paul"]
[Black "Meyer, Bernard"]
[Result "1-0"]
[WhiteElo "1798"]
[BlackElo "1370"]
[PlyCount "147"]
[EventDate "2008.07.13"]
[EventType "swiss"]
[EventRounds "9"]
[EventCountry "FRA"]
[SourceTitle "CBM 125 Extra"]
[Source "ChessBase"]
[SourceDate "2008.09.01"]
[SourceVersion "1"]
[SourceVersionDate "2008.09.01"]
[SourceQuality "1"]

1. d4 d5 2. Nf3 Nf6 3. c4 c6 4. g3 Bg4 5. Bg2 e6 6. 0-0 Nbd7 7. Nbd2 Be7 8. Re1 0-0 9. Qb3 Rb8 10. e4 dxe4 11. Nxe4 Nxe4 12. Rxe4 Nf6 13. Re1 a5 14. Qe3 Re8 15. Ne5 Rc8 16. Bd2 Bd6 17. Nxg4 Nxg4 18. Qe2 Nf6 19. Bc3 Bb4 20. Bxb4 axb4 21. Rad1 Qc7 22. Qd2 Qe7 23. c5 Ra8 24. Ra1 Nd5 25. Bxd5 cxd5 26. Qxb4 Rab8 27. Qc3 h5 28. b4 b5 29. a4 h4 30. a5 Ra8 31. Qe3 h3 32. f4 Qf6 33. Qd3 Reb8 34. Re5 Qh6 35. Qe2 Ra6 36. Qh5 f5 37. Qxh6 gxh6 38. Rae1 Kf7 39. Kf2 h5 40. Ke3 Rg8 41. Rc1 Rc8 42. Kf3 Kf6 43. Re2 Rcc6 44. Rec2 Kf7 45. Rg1 Kf6 46. Rcc1 Kf7 47. Rc3 Kf6 48. g4 hxg4+ 49. Kg3 Kg6 50. Kh4 Kh6 51. Ra3 Rc7 52. Rc3 Rh7 53. c6 Kg6+ 54. Kg3 Rc7 55. Rgc1 Kf6 56. Rc5 Ke7 57. Rxb5 Rcxc6 58. Rb7+ Kd8 59. Rc5 Kc8 60. Rh7 Rxc5 61. dxc5 d4 62. Kf2 e5 63. fxe5 Re6 64. Ke2 f4 65. Rg7 Rxe5+ 66. Kd3 g3 67. hxg3 Re3+ 68. Kxd4 Rxg3 69. Rh7 f3 70. Ke3 Kb8 71. Kf2 Rg2+ 72. Kxf3 Rb2 73. Rh6 Rxb4 74. Rb6+ 1-0

[Event "St Chely d'Aubrac op 7th"]
[Site "St Chely d'Aubrac"]
[Date "2007.07.16"]
[Round "3"]
[White "Mourgues, Joelle"]
[Black "Meyer, Bernard"]
[Result "1-0"]
[WhiteElo "1798"]
[BlackElo "1410"]
[PlyCount "61"]
[EventDate "2007.07.07"]
[EventType "swiss"]
[EventRounds "9"]
[EventCountry "FRA"]
[SourceTitle "EXT 2008"]
[Source "ChessBase"]
[SourceDate "2007.11.25"]
[SourceVersion "1"]
[SourceVersionDate "2007.11.25"]
[SourceQuality "1"]

1. Nf3 Nc6 2. g3 d5 3. Bg2 e5 4. d3 Nf6 5. 0-0 Be7 6. Nbd2 0-0 7. c3 Bg4 8. e4 d4 9. c4 Nb4 10. Qb3 Qd6 11. a3 Nc6 12. Nh4 Rab8 13. Nf5 Qe6 14. Nxe7+ Nxe7 15. c5 Qc8 16. Re1 h5 17. f3 Be6 18. Qc2 c6 19. Kf2 Ng6 20. h4 Re8 21. Nc4 Bxc4 22. Qxc4 Re6 23. Bh3 a6 24. Bf5 Kf8 25. Bg5 b5 26. cxb6 Rxb6 27. Re2 Nh7 28. Bxe6 fxe6 29. Rc1 Nxg5 30. hxg5 h4 31. Qc5+ 1-0